000 05564nam a2200265 4500
003 NALT
005 20260220093914.0
008 260210b th ||||| |||| 00| 0 tha d
040 _aNALT
090 _aELR 215/1 2568
100 0 _aชีวานนท์ กันย์ภิวัฒน์.
_967387
245 1 0 _aการปฏิบัติหน้าที่สนับสนุนงานด้านวิชาการให้กับคณะอนุกรรมาธิการ ในคณะกรรมาธิการการเกษตรและสหกรณ์ในการพิจารณาศึกษาญัตติ เรื่อง การศึกษาและแก้ไขปัญหาประมงไทย /
_cชีวานนท์ กันย์ภิวัฒน์.
246 3 0 _aผลงานหรือผลสำเร็จของงานที่เกิดจจากการปฏิบัติงานในตำแอหน่งหน้าที่ความรับผิดชอบ.
260 _aกรุงเทพฯ :
_bสำนักงานเลขาธิการสภาผู้แทนราษฎร,
_c2568.
300 _a180 หน้า :
_bแผนภูมิ ;
_c30 ซม.
505 2 _aบทที่ 1 บทนำ -- 1.1 ความเป็นมาและความสำคัญของปัญหา -- 1.2 วัตถุประสงค์ของการศึกษา -- 1.3 ขอบเขตและวิธีการศึกษา -- 1.4 นิยามศัพท์เฉพาะ -- 1.5 ประโยชน์ที่ได้รับ -- บทที่ 2 กฎระเบียบ แนวคิด และวรรณกรรมที่เกี่ยวข้อง -- 2.1 กฎระเบียบ แนวคิด -- 2.2 วรรณกรรมที่เกี่ยวข้อง -- บทที่ 3 วิธีการศึกษา -- 3.1 วิธีการศึกษา -- 3.2 วิธีการเก็บข้อมูล -- 3.3 ขั้นตอนการศึกษา -- 3.4 กรอบความคิดในการศึกษา -- บทที่ 4 ผลการศึกษา -- 4.1 การดำเนินการของรัฐเพื่อปฏิรูปภาคการประมงทะเลไทยให้สอดคล้องกับกฎระเบียบของสหภาพยุโรป -- 4.2 การดำเนินการของรัฐเพื่อปฏิรูปภาคการประมงทะเลไทยให้สอดคล้องกับมาตรฐานระหว่างประเทศที่เกี่ยวข้องกับการคุ้มครองแรงงานประมงทะเล -- 4.3 ปัญหาการประมงทะเลไทยที่เป็นผลจากการดำเนินการของรัฐเพื่อปฏิรูปภาคการประมงทะเลไทยให้สอดคล้องกับกฎระเบียบของสหภาพยุโรป -- 4.4 ปัญหาการประมงทะเลไทยที่เป็นผลมาจากการดำเนินการของรัฐเพื่อปฏิรูปภาคการประมงทะเลไทยให้สอดคล้องกับมาตรฐานระหว่างประเทศเกี่ยวข้องกับการคุ้มครองแรงงานประมงทะเล -- 4.5 ปัญหาการประมงทะเลไทยที่เป็นปัญหาเชิงพื้นที่และแนวทางการแก้ไขปัญหากรณีการแย่งพื้นที่ทำการประมงหอยแครงบริเวณอ่าวบ้านดอน จังหวัดสุราษฎร์ธานี -- 4.6 แนวทางการแก้ไขปัญหาภาคการประมงทะเลไทยที่เป็นผลมาจากการปฏิรูปภาคการประมงทะเลไทยให้สอดคล้องกับกฎระเบียบของสหภาพยุโรปและมาตรฐานระหว่างประเทศที่เกี่ยวข้องกับการคุ้มครองแรงงานประมงทะเล -- 4.7 แนวทางการพัฒนาภาคการประมงทะเลไทยอย่างยั่งยืน -- บทที่ 5 สรุปผลการศึกษา อภิปรายผล และข้อเสนอแนะ -- 5.1 สรุปผลการศึกษา -- 5.2 อภิปรายผล -- 5.3 ข้อเสนอแนะ.
650 4 _aประมง
_zไทย
_937673
650 4 _aประมงทะเล
_927362
650 4 _aการจัดการประมง
_zไทย (ภาคใต้)
_960746
942 _2local
_cIS
996 _ajidapa.t
_bACQSTF
_c2026-02-10
996 _avaree.k
_bLIBSTF
_c2026-02-17
996 _asaiphon.d
_bCATSTF
_c2026-02-20
999 _c107755
_d107755
998 _j104
_k นางสาวสายฝน ดีงาม